000 01022nam0a22002651 4500
001 rc\1801274
005 20260406014053.0
035 _a(NLR Aleph) 005282466
090 _a6112257
_c6112257
100 _a20071130d1907 |||y0rusy50 ca
101 1 _arus
_ceng
102 _aRU
105 _ay z |||||
200 1 _aПроисхождение верховной власти
_fПроф. Эд. Дженкс
_gПер. с англ. Э. Серебрякова
210 _aСанкт-Петербург
_cГлашатай
_d1907
215 _a[4], 152 с.
_d22
700 1 _8rus
_7ca
_aДженкс
_bЭ.
_f1861-1939
_gЭдуард
_3RU\NLR\AUTH\77119583
_9102508
702 1 _4730
_8rus
_7ca
_aСеребряков
_bЕ. А.
_f1854-1921
_gЕспер Александрович
_3RU\NLR\AUTH\77118718
_9101643
801 0 _aRU
_bNLR
_c20071130
_gpsbo
801 0 _aRU
_bRuMoRGB
_c20071130
_2psbo
801 1 _aRU
_bProSoft-M
_c20071130
_2rusmarc
801 2 _aRU
_bNLR
_c20130115
_2rusmarc
852 _aNLR
_j37.24.4.24
942 _cBOOK
980 _aNB